Paroles : L'hymne de nos campagnes - Tryo - Statistiques

Statistiques générales
  • Ce quiz a été pris 159 fois
  • Le résultat moyen est 239 sur 425
Statistiques - réponses
Answerd % Correct
ce
98%
de
97%
De
97%
te
93%
Te
93%
ça
91%
à
89%
a
89%
l'hymne
87%
campagnes
86%
C'est
86%
c'est
86%
la
86%
86%
nos
86%
tes
86%
le
84%
tu
84%
Tu
84%
du
83%
es
82%
rivière
82%
Si
81%
si
81%
montagnes
80%
un
80%
une
80%
vie
80%
animal
79%
dans
79%
je
79%
man
79%
monde
79%
78%
ne
78%
Ne
78%
cité
75%
HLM
75%
rivières
74%
poème
73%
y
72%
bien
69%
des
68%
En
68%
petit
68%
fort
67%
yeux
67%
fond
65%
qu'au
65%
cordes
64%
espérant
64%
faire
64%
Il
64%
vocales
64%
est
63%
voir
63%
d'herbe
62%
chose
61%
part
61%
puisses
61%
use
61%
les
60%
ternes
59%
Et
58%
et
58%
grand
56%
pause
54%
temps
54%
choses
53%
d'un
53%
faut
52%
rose
52%
cette
49%
morose
49%
parfum
48%
Contre
47%
d'une
47%
que
47%
Que
47%
Crie-le
42%
crie-le
42%
troquer
41%
dédicasse
40%
mans
40%
rien
40%
Eh
39%
Pas
39%
pas
39%
qui
35%
Qui
35%
n'a
34%
boulot
31%
même
31%
as
28%
cônes
28%
mains
28%
odeur
28%
plus
28%
mets
27%
shit
27%
diplôme
26%
Partout
26%
Va
26%
ailleurs
24%
neurones
24%
retiens
23%
zone
23%
brun
22%
Mais
22%
vite
22%
n'agite
21%
quelque
20%
toi
20%
retourne
19%
chanter
18%
pour
18%
près
18%
sur
18%
premier
17%
refrain
17%
sois
17%
vas
17%
mer
16%
bout
15%
chêne
15%
maison
14%
écureuil
13%
n'as
13%
terre
13%
vieux
13%
Sa
12%
Assieds-toi
11%
Comme
11%
comme
11%
humaine
11%
ici
11%
race
11%
Dis-toi
9%
écoute
9%
fait
9%
seuil
9%
son
9%
l'eau
8%
l'ombre
8%
L'oxygène
8%
mes
8%
alors
7%
d'éphémère
7%
matin
7%
n'es
7%
quand
7%
celui
6%
parle
6%
regarde
6%
ses
6%
tout
6%
avant
5%
béton
5%
compare-le
5%
comprendras
5%
coulis
5%
demain
5%
dire
5%
liquide
5%
peut-être
5%
Peut-être
5%
servira
5%
ton
5%
vient
5%
vivre
5%
Car
4%
coule
4%
coups
4%
forêt
4%
hache
4%
jusqu'à
4%
respires
4%
verras
4%
animaux
3%
avenir
3%
captes
3%
croissance
3%
Lève
3%
rire
3%
t'amènent
3%
tête
3%
tous
3%
envie
2%
j'aimerais
2%
marmots
2%
m'écoutes
2%
mots
2%
orgueuil
2%
qu'ils
2%
roseau
2%
saignent
2%
tige
2%
feuilles
1%
lopin
1%
message
1%
Méritent-t-ils
0%
Servirent
0%
Aucun quiz correspondant
Distribution des résultats
% des personnes avec chaque résultat
Percentile par nombre de réponses
Votre historique - résultats
Vous n’avez pas pris ce quiz